02764nam a2200433 a 450000500170000000800410001702000180005804100080007610000260008424500740011025000110018426000620019530000110025750001360026865300740040465300500047865300740052865301100060265300790071265301710079165301170096265300440107965301030112365300450122665300720127165301210134365300980146465300480156265300330161065300400164365300980168365300720178165300660185365300660191965300590198565300940204465301640213870000280230220240412120415.0100913t2012||||sp f |||| 001 0 spa d a9788447038923 aspa1 aCasado, MariaeCoord. aCuestiones de bioética en y desde Latinoamérica / cMaria Casado a1a ed. aNavarra [España]: bAranzadi ; Civitas ; UNESCO;c2012. a469 p. aCasado, M. y Luna, F. (2015). Cuestiones de bioética en y desde Latinoamérica. (4a ed.). España : Aranzadi : Civitas; UNESCO. aLey, religión y bioética: cuestiones álgidas en latinoamérica aBioética, laicidad y deliberacion pública aBioética en contextos de violencia extrema: vivir y morir en Juarez aPensar la salud en Latinoamerica: pobreza, desigualdad, justicia y los determinantes sociales de la salud aDesarrollo de la bioética en latinoamerica. Una visión desde Argentina aTeoría a la práctica: disonancias entre la formación bioética y la práctica de la atención de la salud en latinoamérica. Una perspectiva desde Argentina aObjeción de conciencia y aborto: derechos y deberes de los médicos respecto de la salud pública en Brasil  aBioética y aborto en América Latina aAlgunas consideraciones éticas en la práctica de la reproducción asistida en latinoamérica aO direito de vir-a-ser depois de nascido aProblemas bioéticos en infancia y adolescencia en latinoamérica aAspectos éticos del uso de tecnologías genéticas para la salud y la identificación humana en latinoamérica aGénero y bioética: el impacto de los trastornos genéticos en las familias y las mujeres aTrasplantes de órganos en latinoamérica aEnvelhecimiento e bioética aSalud pública en América latina aDerecho de acceso a los medicamentos: su reconocimiento y las barreras puestas a su ejercicio aEtica em pesquisa envolvendo seres humanos: um modelo sul-americano aInvestigación transnacional: contexto y horizontes éticos aEtica e investigación social. Desafios para latinoamérica aEtica de la investigación en poblaciones originarias aViolencia familiar y sexual: desafios actuales para la investigación en latinoamérica aCuestión de los animales en latinoamérica. especial referencia a los animales utilizados en la investigación científica y otras aplicaciones técnicas1 aLuna, FlorenciaeCoord.